000 00817nam a2200253 a 4500
001 67841
003 BD-RjUL
005 20211209081711.0
008 170329r19791996enka bf 001 0 eng d
020 _a0521554055 (hardback)
035 _a(BD-RjUL)68050
040 _aDLC
_cDLC
_dDLC
_dBD-RjUL
_beng
041 _aeng
082 0 0 _a591.5
_223
_bLEH 1996
100 1 _aLehner, Philip N.
_9201118
245 1 0 _aHandbook of ethological methods /
_cPhilip N. Lehner.
250 _a2nd ed.
260 _aCambridge ;
_aNew York :
_bCambridge University Press,
_c1996.
300 _axvi, 672 p. :
_bill. ;
_c23 cm.
504 _aIncludes bibliographical references (p. [617]-663) and index.
650 0 _aAnimal behavior
_xMethodology
_xHandbooks, manuals, etc.
_9201119
942 _2ddc
_cBK
999 _c67841
_d67841